000 00372nam a2200157Ia 4500
008 230524s9999 xx 000 0 und d
082 _a5.133
_bJAI
100 _aV.K.Jain
245 0 _aComputer System Architecture
250 _a2ND
260 _aNEW DELHI
_bS.K.Kataria
_c2004
300 _aXV;625
500 _aQuantity Number: 2
650 _aComp-Sc
942 _cBK
999 _c36264
_d36264